000 00767cam a2200277 4500
008 090401t1991 xxu||||| |||| 00| 0 eng d
020 _a090596683X
035 _a(Sirsi) u67351
041 _aeng
050 _a711.52
100 _aElkin, Tim
245 _aReviving the city : towards sustainable urban development
260 _aLondon
_bFriends of the Earth
_c1991
300 _axii,278p. : ill. ; 23cm.
350 _a12.95
520 _aPublished jointly with the Policy Studies Institute .
650 _aINNER CITY REDEVELOPMENT
650 _aSUSTAINABLE DEVELOPMENT
650 _aTRANSPORT
650 _aURBAN AREAS
650 _aURBAN RENEWAL
700 _aMcLaren, Duncan
700 _aHillman, Mayer
942 _n0
948 _c04/03/1997
999 _c94993
_d94993